Normal view
MARC view
Entry Personal Name
001 - CONTROL NUMBER
- control field: 44217
003 - CONTROL NUMBER IDENTIFIER
- control field: ARRUPE
005 - DATE AND TIME OF LATEST TRANSACTION
- control field: 20190129093325.0
008 - FIXED-LENGTH DATA ELEMENTS
- fixed length control field: 190129|| aca||aabn | a|a d
040 ## - CATALOGING SOURCE
- Original cataloging agency: ARRUPE
- Transcribing agency: ARRUPE
100 ## - HEADING--PERSONAL NAME
- Personal name: Richard Wyatt Hutchinson
670 ## - SOURCE DATA FOUND
- Source citation: Work cat.: (ARRUPE)44584: Hutchinson, Richard Wyatt 44215, Prehistoric Crete, 1962